000 00731nam a2200289Ia 4500
005 20260324150032.0
008 008 260324s9999 xx 000 0 eng d
020 _a9781003334040
037 _aEBOOK
040 _aCRL
040 _beng
040 _cCRL
041 _2eng
041 _aeng
084 _qCRL
100 _aWilliam G. Kuepper; G. Lynne Lackey; E. Nelson Swinerton
_91225040
245 0 _aUgandan Asians in Great Britain
245 0 _bForced Migration and Social Absorption
260 _bTaylor and Francis
260 _c1975
365 _a
365 _b145
856 _uhttp://www.taylorfrancis.com/books/9781003334040
942 _cEBOOK
999 _c1833815
_d1833815